Puede hablar el subalterno?

Saved in:
Bibliographic Details
Main Author: Spivak, Gayatri Chakravorty (Author)
Format: Book
Language:Spanish
Published: Buenos Aires El Cuenco de Plata 2011
Edition:1a. ed
Series:Cuadernos de Plata
Subjects:
Tags: Add Tag
No Tags, Be the first to tag this record!

MARC

LEADER 00000cam a2200000 a 4500
001 UCF8968
003 CL-VaPUC
008 131018e20110000ag |||||||||||||||||spa|d
020 |a 9789871772100 
082 0 4 |a 320.15  |b SPI  |2 21 
100 0 |a Spivak, Gayatri Chakravorty  |e author  |9 571094 
245 1 0 |a Puede hablar el subalterno? 
250 |a 1a. ed 
300 |a 142 p 
942 |c BK 
945 |d 20131018 14:00:00  |a cmena 
260 |a Buenos Aires  |b El Cuenco de Plata  |c 2011 
650 7 |a FILOSOFIA POLITICA  |2 CL-VaPUC  |9 571095 
650 7 |a TEORIAS POLITICAS  |2 CL-VaPUC  |9 322379 
650 0 |a Lucha de clases  |9 403122 
650 0 |a Feminismo  |9 259085 
583 |a last modification  |c 20131018 14:00:00  |k Rodrigo Vera 
490 0 |a Cuadernos de Plata 
999 |c 353465  |d 353463 
952 |0 0  |1 0  |3 erb  |4 0  |6 320_150000000000000_SPI_2011  |7 0  |8 A  |9 458696  |a BIBEDU  |b BIBEDU  |d 2019-11-23  |i 5017009  |l 1  |o 320.15 SPI 2011  |p 5017009  |r 2022-04-27  |s 2022-04-27  |w 2019-11-23  |y BK  |z Catalogado en:20131018  |k LIT